000 01685cam a22003135a 4500
001 E148233
008 090821s2009 xxk f 000 0 eng d
020 _a9781842194997
035 _a(Sirsi) u148233
041 0 _aeng
050 0 4 _a692.8 $2 18
110 2 _aRoyal Institution of Chartered Surveyors
_94900
245 0 0 _aConstruction insurance
_bRICS guidance note
_h[archived]
260 _aCoventry
_bRICS
_c2009
300 _aviii, 66p.
_c30cm.
490 0 _aRICS Guidance Note
490 0 _aRICS Black Book
505 2 _aIntroduction -- Insurances personal to members -- Construction risk insurances -- Further guidance on construction insurance issues -- Latent defects insurances
520 _aOutlines best practice for property professionals dealing with construction insurance. Offers practical help and advice for each stage of a construction project, from the initial development through to project completion.
520 _aThis document has been archived and is available on isurv for information purposes only. Refer to other titles in the Black Book series including Management of Risk (ISBN 9781783211074) and Appendix F on Construction Insurance in the guidance entitled Risk, Liability and Insurance, 1st edition 2021, Appendix F was added in October 2023 (ISBN 9781783214167)
521 _aAdvanced
590 _aKA
650 2 4 _aRICS BLACK BOOK
650 2 4 _aRICS QS AND CONSTRUCTION STANDARDS
651 4 _aUnited Kingdom
690 _aMANAGEMENT-BUSINESS MANAGEMENT-INSURANCE
856 4 1 _uhttps://www.isurv.com/downloads/file/1514/archive_construction_insurance_1st_edition
_zArchived on iSurv (subscription required)
942 _n0
_2ddc
999 _c109967
_d109967